000 00506nam a2200145 4500
999 _c10581
_d10581
008 180906b ||||| |||| 00| 0 eng d
022 _a16565649
082 _aDPer 303.405 H22 June -Sept 2016 v.12 n. 7-10
100 _930985
_aLabaco, Chester
245 _aSapphire R7 250:
_bbudget gaming/
_cChester Labaco.
260 _aQuezon City:
_bHardware Zone Phils. Corp.,
_c©June -Sept 2016.
300 _av112 n8, page 57:
_billustrations;
_c28 cm.
650 0 _930986
_aComputer peripherals.
942 _2ddc
_cPER